[Event "EU-Cup 34th"]
[White "Lalouette, Herve"]
[Black "Hill, Alistair"]
[Site "Porto Carras"]
[Round "5.6"]
[Result "0-1"]
[Date "2018.10.16"]
[WhiteElo "1681"]
[BlackElo "2203"]
[PlyCount "87"]
[EventDate "2018.10.12"]
[EventType "team-swiss"]
[EventRounds "7"]
[EventCountry "GRE"]
[SourceTitle "CBM 187"]
[Source "ChessBase"]
[SourceDate "2018.12.11"]
[SourceVersion "1"]
[SourceVersionDate "2018.12.11"]
[SourceQuality "1"]
[WhiteTeam "Bois Colombes"]
[BlackTeam "Wood Green"]
[WhiteTeamCountry "FRA"]
[BlackTeamCountry "ENG"]

1. e4 c5 2. Nf3 Nc6 3. d4 cxd4 4. Nxd4 Nf6 5. Nc3 e5 6. Ndb5 d6 7. Nd5 Nxd5 8. exd5 Nb8 9. c4 Be7 10. Be3 a6 11. Nc3 0-0 12. Bd3 f5 13. f3 Bg5 14. Bf2 Qf6 15. 0-0 Qh6 16. Qe2 Nd7 17. b4 Bd2 18. Be1 Bxe1 19. Rfxe1 b6 20. Rec1 Qf6 21. Nd1 g6 22. Nf2 a5 23. b5 Nc5 24. Qc2 Bd7 25. Bf1 Rae8 26. Nd3 Nxd3 27. Bxd3 e4 28. Be2 Qd4+ 29. Kf1 exf3 30. Bxf3 Re3 31. Re1 Rfe8 32. Rad1 Rxe1+ 33. Rxe1 Rxe1+ 34. Kxe1 Qg1+ 35. Ke2 Qxh2 36. Qc3 Kf7 37. Qd4 Qe5+ 38. Qxe5 dxe5 39. g3 e4 40. Bg2 Ke7 41. Ke3 Kd6 42. g4 Ke5 43. gxf5 gxf5 44. Bh3 0-1